000 00846nam a22002774a 4500
001 12516
003 BD-RjUL
005 20211208235316.0
008 140129s1960 nyua b 001 0 eng
035 _a(BD-RjUL)
035 _a(BD-RjUL)12665
040 _aLC
_beng
_cLC
_dABN:SN
_dBD-RjUL
041 _aeng
082 0 4 _a614
_bSOC
245 0 0 _aSociological studies of health and sickness :
_ba source book for the health professions /
_cedited by Dorrian Apple.
260 _aNew York :
_bMcGraw-Hill, Blakiston Division,
_c1960.
300 _a350 p. :
_bill. ;
_c24 cm.
504 _aIncludes bibliography and index.
650 0 _aSocial medicine.
_938964
650 2 _aSocial medicine.
_938965
650 2 _aSociology.
_938966
700 1 _aApple, Dorrian.
_938967
942 _2ddc
_cBK
999 _c12516
_d12516